| 000 | 00376nam a2200133Ia 4500 | ||
|---|---|---|---|
| 008 | 170516s9999 xx 000 0 und d | ||
| 245 | _aMultivalent Dendritic Molecules as Broad Spectrum Bacteria Agglutination Agents | ||
| 260 | _bTheranostics | ||
| 260 | _c2013 | ||
| 300 | _a3:9 | ||
| 650 | _xMedical Technology | ||
| 650 | _xMedtech | ||
| 856 | _uhttp://www.thno.org/v3i9 | ||
| 999 |
_c330529 _d330529 |
||